Fundamentals of Electric Circuits (EBOOK) (Record no. 217132)
[ view plain ]
| 000 -LEADER | |
|---|---|
| fixed length control field | 00404 a2200157 4500 |
| 003 - CONTROL NUMBER IDENTIFIER | |
| control field | Nust |
| 005 - DATE AND TIME OF LATEST TRANSACTION | |
| control field | 20170207171533.0 |
| 020 ## - INTERNATIONAL STANDARD BOOK NUMBER | |
| International Standard Book Number | 9780-073380575 |
| 040 ## - CATALOGING SOURCE | |
| Transcribing agency | Nust |
| 082 ## - DEWEY DECIMAL CLASSIFICATION NUMBER | |
| Classification number | 621.3192 |
| 100 ## - MAIN ENTRY--PERSONAL NAME | |
| Personal name | Alexander,K Charles |
| 245 ## - TITLE STATEMENT | |
| Title | Fundamentals of Electric Circuits (EBOOK) |
| Statement of responsibility, etc. | Charles K. Alexander & Matthew N. O. Sadiku |
| 250 ## - EDITION STATEMENT | |
| Edition statement | 5th ed |
| 260 ## - PUBLICATION, DISTRIBUTION, ETC. | |
| Place of publication, distribution, etc. | New York |
| Name of publisher, distributor, etc. | Mc Graw Hill |
| Date of publication, distribution, etc. | 2009 |
| 300 ## - PHYSICAL DESCRIPTION | |
| Extent | 875,p; |
| 942 ## - ADDED ENTRY ELEMENTS (KOHA) | |
| Source of classification or shelving scheme | |
| Koha item type | Book |
| Withdrawn status | Lost status | Source of classification or shelving scheme | Damaged status | Not for loan | Collection code | Permanent Location | Current Location | Date acquired | Total Checkouts | Full call number | Barcode | Date last seen | Price effective from | Koha item type |
|---|---|---|---|---|---|---|---|---|---|---|---|---|---|---|
| Military College of Signals (MCS) | Military College of Signals (MCS) | 12/12/2016 | 621.3192 ALE | MCSEB-3422 | 12/08/2016 | 12/12/2016 | Book |
